|
|
|
|
| LEADER |
00000nam0a2200000 4500 |
| 001 |
250731 |
| 005 |
20231101232606.0 |
| 010 |
|
|
|a 9785971008040
|
| 035 |
|
|
|a (RuTPU)RU\TPU\book\272954
|
| 090 |
|
|
|a 250731
|
| 100 |
|
|
|a 20140217d2014 k y0rusy50 ca
|
| 101 |
0 |
|
|a rus
|
| 102 |
|
|
|a RU
|
| 105 |
|
|
|a a z 001zy
|
| 200 |
1 |
|
|a Природа турбулентности и обратная задача
|f Л. Н. Пятницкий
|
| 210 |
|
|
|a Москва
|c ЛЕНАНД
|d 2014
|
| 215 |
|
|
|a 187 с.
|c ил.
|
| 320 |
|
|
|a Библиогр.: с. 179-186.
|
| 330 |
|
|
|a Пространственно-временное поле пульсаций параметров турбулентного течения интерпретируется на основе акустических возмущений. Рассмотрен процесс образования возмущений, и предложены два одновременно действующих механизма формирования пульсационного поля. Один из них традиционно связан с завихренностью, другой обусловлен колебаниями параметров в акустической волне. На этой основе установлена физическая природа пограничного слоя, ламинарного подслоя, определено пространственно-временное поле пульсаций, исследован процесс хаотизации пульсаций. Приведенные экспериментальные данные подтверждают волновой механизм. Предложенный подход применен для объяснения перехода нормального горения в детонацию. Рассмотрен метод решения обратной задачи. Его применение к исследованию структуры плазменных каналов в волновых пучках с компенсацией дифракционной расходимости позволило определить размеры и пространственно-временное распределение первичных пробоев в поле таких пучков.
|
| 488 |
|
1 |
|0 (RuTPU)RU\TPU\book\122395
|y 5-94691-235-6
|t Уравнение Навье-Стокса и турбулентные пульсации
|f Л. Н. Пятницкий
|c Москва
|n Граница
|d 2006
|p 192 с.
|a Пятницкий, Лев Николаевич
|
| 606 |
1 |
|
|a Турбулентность
|2 stltpush
|3 (RuTPU)RU\TPU\subj\62154
|9 79300
|
| 606 |
1 |
|
|a Детонация, теория
|2 stltpush
|3 (RuTPU)RU\TPU\subj\39064
|9 59281
|
| 610 |
1 |
|
|a физика
|
| 610 |
1 |
|
|a гидродинамика
|
| 610 |
1 |
|
|a детонация
|
| 610 |
1 |
|
|a жидкости
|
| 610 |
1 |
|
|a турбулентное течение
|
| 610 |
1 |
|
|a вязкая жидкость
|
| 610 |
1 |
|
|a движение
|
| 610 |
1 |
|
|a возмущения
|
| 610 |
1 |
|
|a хаотизация
|
| 610 |
1 |
|
|a волны
|
| 610 |
1 |
|
|a распространение
|
| 610 |
1 |
|
|a пограничный слой
|
| 610 |
1 |
|
|a пульсации
|
| 610 |
1 |
|
|a горение
|
| 610 |
1 |
|
|a детонация
|
| 610 |
1 |
|
|a пламя
|
| 610 |
1 |
|
|a детонационные волны
|
| 610 |
1 |
|
|a обратные задачи
|
| 610 |
1 |
|
|a плазменные каналы
|
| 610 |
1 |
|
|a волновые пучки
|
| 610 |
1 |
|
|a уравнения Навье-Стокса
|
| 675 |
|
|
|a 532.517.4
|v 3
|
| 675 |
|
|
|a 534.222
|v 3
|
| 700 |
|
1 |
|a Пятницкий
|b Л. Н.
|g Лев Николаевич
|
| 801 |
|
1 |
|a RU
|b 63413507
|c 20140217
|
| 801 |
|
2 |
|a RU
|b 63413507
|c 20151105
|g RCR
|
| 942 |
|
|
|c BK
|
| 959 |
|
|
|a 26/20140214
|d 2
|e 355,00
|f ЧЗТЛ:1
|f АНЛ:1
|